000 00529nam a2200169Ia 4500
008 090201s9999 xx 000 0 und d
010 _aKPL-61312
040 _bमराठी
041 _aमराठी
082 _a594
_b61312
100 _aसुमन भडभडे
245 _aइथे बहर फुलला
_cसुमन भडभडे
260 _c2004
_bमनोरमा प्रकाशन
300 _a221
_bमध्यम
600 _aइथे बहर फुलला
942 _cBOOK
999 _c201728
_d201728